000
00218 a2200097 4500
001
37369
100
_a
Raj Hans
245
_a
Comparative Politics
260
_a
New Delhi
_b
Surjeet Publishers
_c
090
_c
23840
_d
23840
942
_a
NUST-CAE
_c
M
_c
15381
999
_c
272442
_d
272442